Zmenili sa ?

Bibliographic Details
Main Author: (ren) (Author)
Format: Article
Language:Slovak
PhysicalDescription:4 foto
Subjects:

MARC

LEADER 00000nab a2200000 a 4500
001 vtls000904141
003 SK-MaSNL
005 20260303162002.0
008 040720e20000329xo 0 slo
035 |a KE13097 
040 |a KEVKJB  |b slo  |c KEVKJB  |e AACR2 
041 0 |a slo 
044 |a xo  |c SK 
080 |a 352.075.31  |2 1981 
080 |a 929  |2 1981 
100 0 |a (ren)  |4 aut  |9 877268 
245 1 0 |a Zmenili sa ? 
300 |b 4 foto 
590 |a Trebuľa, Zdenko  |b primátor 
600 1 7 |a Trebuľa, Zdenko,  |d 1955-   |2 KEVKJB  |9 17985 
650 0 7 |a osobnosti  |2 KEVKJB  |9 29820 
650 0 7 |a mladosť  |2 KEVKJB  |9 490984 
650 0 7 |a súčasnosť  |2 KEVKJB  |9 449161 
650 0 7 |a zmeny výzorové  |2 KEVKJB  |9 1184605 
650 0 7 |a porovnania  |2 KEVKJB  |9 881758 
651 7 |a Košice (Slovensko)  |2 KEVKJB  |9 18694 
651 7 |a KE,  |2 KEVKJB  |9 877256 
655 7 |a periodikum  |2 snkbucl  |9 29553 
655 7 |a fotografie  |2 KEVKJB  |9 70713 
773 0 8 |t Korzár  |g Roč. 3, č.74, 29.3.2000, s. 4 
852 |a ZVYKNI  |b KIS3GCP 
999 |c 2051688  |d 2053618